01988cam a22003258i 45000010009000000050017000090080041000260100017000670200018000840410008001020420008001100820012001181000019001302450050001492500008001992600030002072630009002372640038002463000023002843360026003073370028003333380027003615040051003885200994004396500013014336500013014466500022014596500025014817760156015062183534020250328150828.0201209s2021 nyu b 001 0 eng  a 2020055600 a9780367896782 aeng apcc00a382 SEY1 aSeyoum, Belay,10aExport Import Theory Practices And Procedures a4th aNew YorkbRoutledgec2022 a2105 1aNew York, NY :bRoutledge,c2021. a656;. pages: 24 cm atextbtxt2rdacontent aunmediatedbn2rdamedia avolumebnc2rdacarrier aIncludes bibliographical references and index. a"This book remains the sole export-import textbook aimed squarely at the academic audience. Discussing theoretical issues in depth, while maintaining a practical approach, it offers a comprehensive exploration of import procedures and export regulations. In addition to updated cases, this new edition includes: New major developments in bilateral and regional trade agreements Changes to INCOTERMS 2010 Coverage of the role of e-commerce Expanded updates on methods of payment, export pricing and government export finance This clearly written and comprehensive textbook will ground students in theory and prepare them for the realities of a career in this fast-moving field. Suitable for upper-level undergraduates and postgraduates of international trade, the book stands alone in its blend of conceptual frameworks and cogent analysis. A related website, filled with export-import resources, opinion pieces, cases, and the latest news is located at: www.export-importtradecenter.com"-- 0aExports. 0aImports. 0aExport marketing. 0aInternational trade.08iOnline version:aSeyoum, Belay,tExport-import theory, practices, and proceduresbFourth.dNew York : Routledge, 2021.z9781003020509w(DLC) 2020055601